Shaid k tere Dil main Utar Jaye Meri Baat (Record no. 325926)

000 -LEADER
fixed length control field 00238 a2200097 4500
001 - CONTROL NUMBER
control field 90853
082 ## - DEWEY DECIMAL CLASSIFICATION NUMBER
Classification number 297.18 IMT
090 ## - LOCALLY ASSIGNED LC-TYPE CALL NUMBER (OCLC); LOCAL CALL NUMBER (RLIN)
-- 43025
-- 43025
100 ## - MAIN ENTRY--PERSONAL NAME
Personal name Imtiaz Ahmad
245 ## - TITLE STATEMENT
Title Shaid k tere Dil main Utar Jaye Meri Baat
Statement of responsibility, etc. Imtiaz Ahmad
942 ## - ADDED ENTRY ELEMENTS (KOHA)
Institution code [OBSOLETE] CAE NUST
Call number prefix 297.18 IMT
Holdings
Withdrawn status Lost status Damaged status Not for loan Collection code Permanent Location Current Location Date acquired Total Checkouts Full call number Barcode Date last seen Price effective from Koha item type
          College of Aeronautical Engineering (CAE) College of Aeronautical Engineering (CAE) 04/03/2017   297.18 IMT CAE76168 04/05/2017 04/05/2017 Book
© 2023 Central Library, National University of Sciences and Technology. All Rights Reserved.